000
00263 a2200109 4500
000
nam a22 7a 4500
020
_a
9781138072275
100
_a
Agah,Arvin
_9
86
245
_a
Medical Applications of Artificial Intelligence
260
_b
CRC
_c
2014
264
_b
CRC
999
_c
35946
_d
35946